Determinants of the unpaid work in Slovakia

Odhalenie neplatenej práce obyvateľstva SR. Využitá metodológia Eurostatu na identifikáciu aktivít v domácnosti, za ktorú človek odmenu nedostane. Data z primárneho výskumu z roku 2012. Významným determinantom nezaplatenej práce je pohlavie osoby, potom vek, vzdelanie a rodinný stav.

Enregistré dans:
Détails bibliographiques
Auteur principal: Kaščáková, Alena
Autres auteurs: Nedelová, Gabriela, Považanová, Mariana
Format: Chapitre de livre
Langue:anglais
Sujets:
Tags: Ajouter un tag
Pas de tags, Soyez le premier à ajouter un tag!

MARC

LEADER 00000naa a2200000 4500
001 0184373
005 20251210124548.5
041 0 |a eng 
044 |a CZ 
245 1 0 |a Determinants of the unpaid work in Slovakia  |c Alena Kaščáková, Gabriela Nedelová, Mariana Považanová 
520 |a Odhalenie neplatenej práce obyvateľstva SR. Využitá metodológia Eurostatu na identifikáciu aktivít v domácnosti, za ktorú človek odmenu nedostane. Data z primárneho výskumu z roku 2012. Významným determinantom nezaplatenej práce je pohlavie osoby, potom vek, vzdelanie a rodinný stav. 
610 2 0 |a práca neproduktívna 
610 2 0 |a práca neplatená 
610 2 0 |a domácnosti 
610 2 0 |a Slovensko 
100 1 |a Kaščáková, Alena 
700 1 |a Nedelová, Gabriela 
700 1 |a Považanová, Mariana